000 00248nam a2200109 a 4500
001 4140
005 20140414131917.0
008 090218s19uu xx 00 eng d
050 _aER
_bL72
245 _aLittle bear paints the world.
999 _c111559
_d111559